[Event "Albert Boxer op"]
[Site "Winnipeg CAN"]
[Date "2004.05.16"]
[Round "5"]
[White "Nikouline, Alexandre"]
[Black "Boron, Anthony"]
[Result "1/2-1/2"]
[WhiteElo "1987"]
[BlackElo "1942"]
[PlyCount "118"]
[GameId "2160767911158203"]
[EventDate "2004.05.14"]
[EventType "swiss"]
[EventRounds "5"]
[EventCountry "CAN"]
[SourceTitle "EXT 2006"]
[Source "ChessBase"]
[SourceDate "2005.11.24"]
[SourceVersion "1"]
[SourceVersionDate "2005.11.24"]
[SourceQuality "1"]

1. e4 d5 2. exd5 Qxd5 3. Nc3 Qa5 4. d4 c6 5. Nf3 Bf5 6. Ne5 Nf6 7. g4 Be6 8. Bd2 Nbd7 9. g5 Nd5 10. Ne4 Qc7 11. f4 Nxe5 12. fxe5 O-O-O 13. Nc5 Bf5 14. Qf3 e6 15. Ne4 Nb6 16. c3 Be7 17. Bd3 g6 18. O-O-O c5 19. Kb1 Kb8 20. Rc1 cxd4 21. cxd4 Qd7 22. Be3 Nd5 23. Bd2 Nb6 24. Bc3 Bxe4 25. Bxe4 Bxg5 26. Rc2 Nd5 27. Rf2 Bh4 28. Rc2 f5 29. exf6 Bxf6 30. Bxd5 Qxd5 31. Qf4+ e5 32. dxe5 Qxh1+ 33. Rc1 Bg5 34. Qxg5 Qe4+ 35. Ka1 Rhe8 36. Qg3 Rd3 37. Qg1 Red8 38. a3 Qe2 39. Qc5 Rd1 40. Rxd1 Qxd1+ 41. Ka2 Qd5+ 42. Qxd5 Rxd5 43. Kb3 Kc8 44. Kc4 Rd1 45. e6 Kd8 46. Bf6+ Ke8 47. Bg5 Rd6 48. e7 h6 49. Bxh6 Kxe7 50. b4 Kf6 51. Be3 Rc6+ 52. Kd5 a6 53. a4 Rc2 54. h4 Kf5 55. a5 Kg4 56. Bg5 Rc6 57. Be7 Rc7 58. Bg5 Rh7 59. Kc5 Rc7+ 1/2-1/2

[Event "Albert Boxer op"]
[Site "Winnipeg CAN"]
[Date "2004.05.16"]
[Round "5"]
[White "Plocek, Jaroslav"]
[Black "Podmoroff, Yuri"]
[Result "0-1"]
[WhiteElo "1567"]
[BlackElo "1145"]
[PlyCount "102"]
[GameId "2160767911158204"]
[EventDate "2004.05.14"]
[EventType "swiss"]
[EventRounds "5"]
[EventCountry "CAN"]
[SourceTitle "EXT 2006"]
[Source "ChessBase"]
[SourceDate "2005.11.24"]
[SourceVersion "1"]
[SourceVersionDate "2005.11.24"]
[SourceQuality "1"]

1. e4 e5 2. Nf3 Nc6 3. Nc3 Nf6 4. Bc4 h6 5. d4 Bd6 6. O-O O-O 7. Be3 Re8 8. d5 Ne7 9. a3 Ng6 10. Re1 Be7 11. Qd3 d6 12. Nb5 a6 13. Nc3 Bg4 14. Bd2 Nh7 15. h3 Bxf3 16. Qxf3 Nh4 17. Qg3 Ng6 18. Ne2 Bh4 19. Qh2 Qf6 20. g3 Bg5 21. Bxg5 Nxg5 22. Kf1 Nf3 23. Qg2 Nxe1 24. Rxe1 c6 25. dxc6 bxc6 26. f3 Rab8 27. b4 c5 28. c3 cxb4 29. cxb4 Rec8 30. Rc1 Rc7 31. Bxa6 Rxc1+ 32. Nxc1 Ra8 33. Qe2 d5 34. b5 dxe4 35. Qxe4 Qd6 36. Qxa8+ Kh7 37. Bb7 Qd1+ 38. Kf2 Qxc1 39. Qa5 Qc2+ 40. Kf1 Qd1+ 41. Qe1 Qd3+ 42. Qe2 Qxa3 43. Be4 Qc1+ 44. Kf2 Qc5+ 45. Kg2 h5 46. Qb2 h4 47. g4 Kh6 48. b6 Nf4+ 49. Kh2 Qe3 50. b7 Ne2 51. Qb1 Qf2+ 0-1

[Event "Albert Boxer op"]
[Site "Winnipeg CAN"]
[Date "2004.05.16"]
[Round "5"]
[White "Rutter, Blair"]
[Black "Cowdrey, Eric"]
[Result "1/2-1/2"]
[WhiteElo "1603"]
[BlackElo "1771"]
[PlyCount "99"]
[GameId "2160767911158205"]
[EventDate "2004.05.14"]
[EventType "swiss"]
[EventRounds "5"]
[EventCountry "CAN"]
[SourceTitle "EXT 2006"]
[Source "ChessBase"]
[SourceDate "2005.11.24"]
[SourceVersion "1"]
[SourceVersionDate "2005.11.24"]
[SourceQuality "1"]

1. c4 Nf6 2. g3 c6 3. Bg2 d5 4. b3 e6 5. Nf3 Bd6 6. O-O O-O 7. d4 Nbd7 8. Nc3 Re8 9. Re1 Bb4 10. Bd2 c5 11. cxd5 Bxc3 12. Bxc3 Nxd5 13. Bb2 cxd4 14. Qxd4 Qf6 15. Qd2 Qe7 16. Rac1 N7b6 17. e4 Nf6 18. Qf4 Rd8 19. Ne5 Bd7 20. Rc7 Rab8 21. a4 Na8 22. Rc2 Rbc8 23. Rd2 Be8 24. Red1 Rxd2 25. Rxd2 Rd8 26. Nc4 Rxd2 27. Qxd2 b5 28. axb5 Bxb5 29. e5 Nd5 30. Bxd5 exd5 31. Qxd5 Nc7 32. Qb7 Bxc4 33. bxc4 Qd8 34. Qxa7 h6 35. Qd4 Qb8 36. f4 Ne6 37. Qd2 Qb6+ 38. Kf1 Qb7 39. Qf2 Qc6 40. Ke1 Qxc4 41. Qe2 Qb4+ 42. Qd2 Qe4+ 43. Kd1 Nc5 44. Qd4 Qh1+ 45. Kc2 Qxh2+ 46. Kb1 Ne6 47. Qc3 Qh1+ 48. Ka2 Qd5+ 49. Kb1 Qe4+ 50. Ka2 1/2-1/2

[Event "Albert Boxer op"]
[Site "Winnipeg CAN"]
[Date "2004.05.16"]
[Round "5"]
[White "Van Wyk, Joseph"]
[Black "Vincent, Trevor"]
[Result "1-0"]
[WhiteElo "1928"]
[BlackElo "2060"]
[PlyCount "73"]
[GameId "2160767911158206"]
[EventDate "2004.05.14"]
[EventType "swiss"]
[EventRounds "5"]
[EventCountry "CAN"]
[SourceTitle "EXT 2006"]
[Source "ChessBase"]
[SourceDate "2005.11.24"]
[SourceVersion "1"]
[SourceVersionDate "2005.11.24"]
[SourceQuality "1"]

1. Nf3 c5 2. e3 Nf6 3. c4 g6 4. Nc3 Bg7 5. d4 cxd4 6. exd4 d5 7. Bg5 dxc4 8. Bxc4 O-O 9. O-O Bg4 10. d5 Nbd7 11. h3 Bxf3 12. Qxf3 Ne5 13. Qf4 Nxc4 14. Qxc4 Rc8 15. Qb3 Qd7 16. Rfe1 Rfd8 17. Rad1 Rc5 18. d6 exd6 19. Bxf6 Bxf6 20. Ne4 Qf5 21. Nxc5 Qxc5 22. Qxb7 Rc8 23. Rxd6 Qxd6 24. Qxc8+ Kg7 25. Qc2 Qb4 26. Rb1 Qf4 27. g3 Qf3 28. b4 Bd4 29. Rb3 Qd5 30. a4 h5 31. h4 g5 32. Rd3 Qf5 33. Rd2 Qg4 34. Qd3 Be5 35. Qd5 Kf6 36. hxg5+ Qxg5 37. Qd8+ 1-0

[Event "Albert Boxer op"]
[Site "Winnipeg CAN"]
[Date "2004.05.16"]
[Round "5"]
[White "Zaczek, Jonathon"]
[Black "Still, Graham"]
[Result "1-0"]
[WhiteElo "1924"]
[BlackElo "1317"]
[PlyCount "75"]
[GameId "2160767911158207"]
[EventDate "2004.05.14"]
[EventType "swiss"]
[EventRounds "5"]
[EventCountry "CAN"]

1. e4 e6 2. d4 d5 3. Nc3 Nf6 4. exd5 exd5 5. Nf3 Bb4 6. Be2 O-O 7. O-O Bg4 8. h3 Bh5 9. Bg5 h6 10. Bxf6 gxf6 11. Nh4 Bg6 12. f4 f5 13. Nf3 c6 14. Ne5 Nd7 15. Bh5 Nxe5 16. dxe5 Qh4 17. Bxg6 fxg6 18. Kh2 Qe7 19. Ne2 g5 20. g3 Rad8 21. c3 Bc5 22. Nd4 Bb6 23. Qh5 c5 24. Qg6+ Qg7 25. Qxg7+ Kxg7 26. Ne6+ Kf7 27. Nxd8+ Rxd8 28. fxg5 Kg6 29. gxh6 Kxh6 30. e6 Kg6 31. Rf3 Bc7 32. Rd1 Re8 33. Rxd5 Rxe6 34. Rdxf5 Rc6 35. h4 Bd8 36. c4 Rf6 37. Rxf6+ Bxf6 38. Rxf6+ 1-0

[Event "Alberta-ch Reserves"]
[Site "Calgary CAN"]
[Date "2004.04.10"]
[Round "3"]
[White "Aspler, Gerald"]
[Black "Yearwood, Roy"]
[Result "1-0"]
[WhiteElo "2059"]
[BlackElo "2071"]
[PlyCount "67"]
[GameId "2160767911166720"]
[EventDate "2004.04.09"]
[EventType "swiss"]
[EventRounds "5"]
[EventCountry "CAN"]

1. c4 Nf6 2. Nc3 e6 3. Nf3 d5 4. d4 Be7 5. e3 c6 6. Bd3 dxc4 7. Bxc4 b5 8. Bd3 Bb7 9. O-O a6 10. a3 c5 11. dxc5 Bxc5 12. b4 Bb6 13. Bb2 Nbd7 14. Be2 O-O 15. Qb3 Qe7 16. Rac1 Rad8 17. a4 Bxf3 18. Bxf3 Ne5 19. Be2 Nd3 20. Bxd3 Rxd3 21. Rcd1 Rfd8 22. Rxd3 Rxd3 23. Qc2 Rd8 24. axb5 Qc7 25. Rd1 Rc8 26. Qd3 Ng4 27. g3 Ne5 28. Qe4 f5 29. Qf4 axb5 30. Nxb5 Qc2 31. Rc1 Qxc1+ 32. Bxc1 Rxc1+ 33. Kg2 Nd7 34. Qd6 1-0

[Event "Alberta-ch active"]
[Site "Red Deer CAN"]
[Date "2004.06.19"]
[Round "1"]
[White "Beebe, Greg"]
[Black "Li, Zhichao"]
[Result "0-1"]
[WhiteElo "1388"]
[BlackElo "1963"]
[PlyCount "102"]
[GameId "2160767911096196"]
[EventDate "2004.06.19"]
[EventType "rapid"]
[EventRounds "5"]
[EventCountry "CAN"]

1. c4 e6 2. g3 d5 3. b3 dxc4 4. bxc4 Qd4 5. Nc3 Qxc4 6. Bg2 Nf6 7. Nf3 Bb4 8. Bb2 Qc5 9. O-O O-O 10. Qb3 Qe7 11. Rfc1 c6 12. Rab1 Bd6 13. Qc2 Nbd7 14. e3 Rd8 15. d4 e5 16. dxe5 Nxe5 17. Ne4 Nxf3+ 18. Bxf3 Nxe4 19. Bxe4 h6 20. Qc3 f6 21. Bg6 Be6 22. f4 Bxa2 23. Ra1 Bd5 24. Kf2 c5 25. h4 Bc6 26. g4 b5 27. g5 fxg5 28. hxg5 hxg5 29. fxg5 Rf8+ 30. Ke2 Bf3+ 31. Kd2 c4 32. Qd4 Bb4+ 33. Kc2 Rfd8 34. Qh4 Rd2+ 35. Kb1 Rxb2+ 36. Kxb2 Qe5+ 37. Kb1 a5 38. Qf4 Qxf4 39. exf4 Ra6 40. f5 Bd2 41. Rf1 Be4+ 42. Kb2 b4 43. Rad1 c3+ 44. Kb3 Bd5+ 45. Ka4 Bc6+ 46. Kb3 Rb6 47. Rf4 a4+ 48. Kc2 b3+ 49. Kd3 Bb5+ 50. Kd4 Be2 51. Re4 Rb4+ 0-1

[Event "Alberta-ch active"]
[Site "Red Deer CAN"]
[Date "2004.06.19"]
[Round "2"]
[White "Li, Zhichao"]
[Black "Gardner, Robert"]
[Result "1-0"]
[WhiteElo "1963"]
[BlackElo "2287"]
[PlyCount "73"]
[GameId "2160767911096197"]
[EventDate "2004.06.19"]
[EventType "rapid"]
[EventRounds "5"]
[EventCountry "CAN"]

1. c4 f5 2. Nf3 Nf6 3. g3 g6 4. Bg2 Bg7 5. O-O O-O 6. Nc3 d6 7. d3 e5 8. Rb1 Nc6 9. b4 h6 10. b5 Ne7 11. a4 g5 12. Ba3 f4 13. c5 Ng6 14. cxd6 cxd6 15. b6 a6 16. Qb3+ Kh8 17. Nd2 Ne8 18. Rfc1 Rf6 19. Nde4 Be6 20. Nd5 Rf7 21. Nec3 g4 22. Be4 Ne7 23. Qb2 Nxd5 24. Nxd5 Bf5 25. Rc2 Bxe4 26. dxe4 fxg3 27. hxg3 Nf6 28. Rc7 Rd7 29. Nxf6 Bxf6 30. Rbc1 d5 31. exd5 Rxd5 32. Qc2 Rd7 33. Qg6 Bg5 34. Rxd7 Qxd7 35. Rc7 Rd8 36. Rxd7 Rxd7 37. Qe8+ 1-0

[Event "Alberta-ch active"]
[Site "Red Deer CAN"]
[Date "2004.06.19"]
[Round "3"]
[White "Li, Zhichao"]
[Black "Demers, Chris"]
[Result "1-0"]
[WhiteElo "1963"]
[BlackElo "2168"]
[PlyCount "79"]
[GameId "2160767911096198"]
[EventDate "2004.06.19"]
[EventType "rapid"]
[EventRounds "5"]
[EventCountry "CAN"]

1. c4 b6 2. e4 e6 3. Nc3 Bb7 4. a3 d6 5. d4 g6 6. Nf3 Bg7 7. Bd3 Nd7 8. O-O Ne7 9. Be3 h6 10. Qd2 a6 11. Rac1 c5 12. Rfd1 Qc7 13. d5 e5 14. b4 f5 15. Qe2 f4 16. Bd2 O-O 17. Na4 g5 18. bxc5 Nxc5 19. Nxc5 bxc5 20. h3 Bc8 21. Rb1 Ng6 22. Nh2 Qe7 23. Qh5 Kh7 24. Be2 f3 25. Bxf3 Bd7 26. Rb7 Qd8 27. Bg4 Nf4 28. Bxf4 Be8 29. Bxg5 Qxg5 30. Qxg5 hxg5 31. Bf5+ Kh8 32. Rdb1 Ba4 33. Ng4 Rfd8 34. Ne3 Bf6 35. R1b2 a5 36. f3 Bg7 37. Kf2 Be8 38. Kg3 Bh5 39. R2b6 Bf6 40. Rh7+ 1-0

[Event "Alberta-ch active"]
[Site "Red Deer CAN"]
[Date "2004.06.19"]
[Round "4"]
[White "Dean, Tim"]
[Black "Li, Zhichao"]
[Result "0-1"]
[WhiteElo "1767"]
[BlackElo "1963"]
[PlyCount "88"]
[GameId "2160767911096199"]
[EventDate "2004.06.19"]
[EventType "rapid"]
[EventRounds "5"]
[EventCountry "CAN"]

1. e4 c5 2. Nf3 d6 3. d4 cxd4 4. Nxd4 Nf6 5. Nc3 g6 6. Be3 Bg7 7. f3 O-O 8. Bc4 Nc6 9. Qd2 Bd7 10. O-O-O Ne5 11. Bb3 Rc8 12. Kb1 Nc4 13. Bxc4 Rxc4 14. g4 a6 15. h4 h5 16. Nd5 Nxd5 17. exd5 Rc5 18. Ne6 fxe6 19. Bxc5 e5 20. Be3 Rxf3 21. gxh5 gxh5 22. Bh6 Bf6 23. Qg2+ Bg4 24. Rdf1 Rxf1+ 25. Rxf1 Kh7 26. Bg5 Kg7 27. Qf2 Kg6 28. Qe3 Kg7 29. Qe4 Qe8 30. Bxf6+ exf6 31. Qb4 Qe7 32. Qe1 f5 33. a3 Kf7 34. Rh1 Ke8 35. Qe3 Kd7 36. c4 Kc8 37. Qf2 Kb8 38. Rc1 e4 39. c5 e3 40. Qf4 Qe5 41. Qxe5 dxe5 42. c6 bxc6 43. dxc6 f4 44. Kc2 Be2 0-1

[Event "Alberta-ch active"]
[Site "Red Deer CAN"]
[Date "2004.06.19"]
[Round "5"]
[White "Li, Zhichao"]
[Black "Haynes, Nicolas"]
[Result "1/2-1/2"]
[WhiteElo "1963"]
[BlackElo "1563"]
[PlyCount "120"]
[GameId "2160767911096200"]
[EventDate "2004.06.19"]
[EventType "rapid"]
[EventRounds "5"]
[EventCountry "CAN"]

1. c4 e5 2. g3 Nf6 3. Bg2 c6 4. Nf3 e4 5. Nd4 d5 6. cxd5 Qxd5 7. Nb3 Bf5 8. O-O Qe5 9. d4 Qe6 10. Nc3 Na6 11. Na5 O-O-O 12. a3 Bd6 13. b4 Bc7 14. e3 h5 15. h4 Rdg8 16. Qb3 Bxa5 17. Qxe6+ fxe6 18. bxa5 g5 19. f3 exf3 20. Rxf3 gxh4 21. gxh4 Rg4 22. Ra2 Rhg8 23. Rff2 Rxh4 24. Kf1 Rhg4 25. Ke1 Nc7 26. Rae2 Ncd5 27. Nxd5 cxd5 28. a6 bxa6 29. a4 R8g7 30. Ba3 Rb7 31. Rb2 Rxb2 32. Rxb2 h4 33. Bd6 Nd7 34. Kf2 Nb6 35. Rb4 Kd7 36. Bf4 Kc6 37. Bf1 h3 38. Bh2 Nc4 39. Rb8 Rg7 40. Rc8+ Kb6 41. Rc5 Nd2 42. a5+ Kb7 43. Rc1 Nb3 44. Rc3 Nxa5 45. Be5 Rf7 46. Kg1 Nc4 47. Bf4 Be4 48. Kh2 Rh7 49. Bxc4 dxc4 50. Rxc4 Bc6 51. Rc5 Kb6 52. Bg3 a5 53. Be1 a4 54. Bb4 Rh4 55. Re5 Bd5 56. Bc5+ Kb7 57. Be7 Rh7 58. Bc5 Rh4 59. Be7 Rh7 60. Bc5 Rh4 1/2-1/2

[Event "Autumn Frost"]
[Site "Ottawa CAN"]
[Date "2004.11.04"]
[Round "1"]
[White "Pacey, Kevin"]
[Black "Gelblum, Robert"]
[Result "1/2-1/2"]
[WhiteElo "2229"]
[BlackElo "2168"]
[PlyCount "42"]
[GameId "2160767911060871"]
[EventDate "2004.11.04"]
[EventType "swiss"]
[EventRounds "5"]
[EventCountry "CAN"]

1. e4 Nf6 2. e5 Nd5 3. d4 d6 4. Nf3 g6 5. Ng5 c6 6. exd6 exd6 7. Bc4 h6 8. Qe2+ Be7 9. Nf3 Be6 10. O-O Nd7 11. Bb3 Kf8 12. Nc3 Nxc3 13. bxc3 Bxb3 14. cxb3 Kg7 15. Re1 Bf6 16. Bf4 Nf8 17. Qd2 Ne6 18. Be3 Ng5 19. Nxg5 hxg5 20. f3 Qa5 21. h3 Qf5 1/2-1/2

[Event "Autumn Frost"]
[Site "Ottawa CAN"]
[Date "2004.11.11"]
[Round "2"]
[White "Barclay, Wayne"]
[Black "Pacey, Kevin"]
[Result "0-1"]
[WhiteElo "2258"]
[BlackElo "2229"]
[PlyCount "74"]
[GameId "2160767911060872"]
[EventDate "2004.11.04"]
[EventType "swiss"]
[EventRounds "5"]
[EventCountry "CAN"]

1. e4 c5 2. Nf3 d6 3. d4 cxd4 4. Nxd4 Nf6 5. Nc3 g6 6. g3 Bg7 7. Bg2 O-O 8. O-O Nc6 9. Nxc6 bxc6 10. e5 dxe5 11. Qxd8 Rxd8 12. Bxc6 Rb8 13. Re1 Nh5 14. Bf3 Bb7 15. Bxb7 Rxb7 16. Rd1 Rxd1+ 17. Nxd1 f5 18. b3 Kf7 19. Bb2 f4 20. c4 Ke6 21. Nc3 e4 22. g4 Bxc3 23. Bxc3 Nf6 24. Re1 Nxg4 25. Rxe4+ Kf5 26. Rd4 Nf6 27. c5 Rc7 28. b4 e5 29. Rd8 g5 30. f3 h5 31. h3 g4 32. hxg4+ hxg4 33. fxg4+ Nxg4 34. Rd6 f3 35. c6 f2+ 36. Kg2 Rh7 37. Bxe5 Kxe5 0-1

[Event "Autumn Frost"]
[Site "Ottawa CAN"]
[Date "2004.11.18"]
[Round "3"]
[White "Pacey, Kevin"]
[Black "Hum, Peter"]
[Result "1/2-1/2"]
[WhiteElo "2229"]
[BlackElo "2208"]
[PlyCount "39"]
[GameId "2160767911060873"]
[EventDate "2004.11.04"]
[EventType "swiss"]
[EventRounds "5"]
[EventCountry "CAN"]

1. e4 c5 2. Nf3 e6 3. b3 b6 4. c4 Bb7 5. Nc3 d6 6. d4 cxd4 7. Nxd4 Nf6 8. Bd3 Nbd7 9. Qe2 a6 10. O-O Be7 11. Bb2 O-O 12. Rad1 Re8 13. Bb1 Qc7 14. Rfe1 Bf8 15. Kh1 g6 16. Nf3 Bg7 17. Qd2 Bf8 18. Qe2 Bg7 19. Qd2 Bf8 20. Qe2 1/2-1/2

[Event "Autumn Frost"]
[Site "Ottawa CAN"]
[Date "2004.11.25"]
[Round "4"]
[White "Pacey, Kevin"]
[Black "Davies, Alex"]
[Result "0-1"]
[WhiteElo "2229"]
[BlackElo "2212"]
[PlyCount "76"]
[GameId "2160767911060874"]
[EventDate "2004.11.04"]
[EventType "swiss"]
[EventRounds "5"]
[EventCountry "CAN"]

1. e3 g6 2. d4 Bg7 3. Nf3 Nf6 4. c4 O-O 5. Nc3 d6 6. Be2 Nbd7 7. O-O e5 8. b4 Re8 9. a4 Nf8 10. b5 e4 11. Nd2 h5 12. Ba3 Bf5 13. a5 N8h7 14. a6 b6 15. Na2 Ng4 16. Qe1 Ng5 17. Nb4 Ne6 18. Nc6 Qg5 19. Kh1 Qh4 20. Bxg4 hxg4 21. f4 Qxe1 22. Raxe1 Nd8 23. Nb4 Bd7 24. Nd5 Rc8 25. Rc1 f5 26. c5 dxc5 27. dxc5 bxc5 28. Rxc5 Ne6 29. Rfc1 Nxc5 30. Rxc5 Bxb5 31. Nxc7 Bf8 32. Ne6 Bxc5 33. Nxc5 Red8 34. Ncb3 Ba4 35. Nd4 Rc3 36. Bb2 Rxe3 37. Kg1 Rd3 38. Ne6 Rxd2 0-1

[Event "Autumn Frost"]
[Site "Ottawa CAN"]
[Date "2004.12.02"]
[Round "5"]
[White "Patterson, Roger"]
[Black "Pacey, Kevin"]
[Result "1/2-1/2"]
[WhiteElo "2212"]
[BlackElo "2229"]
[PlyCount "86"]
[GameId "2160767911060875"]
[EventDate "2004.11.04"]
[EventType "swiss"]
[EventRounds "5"]
[EventCountry "CAN"]

1. e4 c5 2. Nf3 d6 3. d4 cxd4 4. Nxd4 Nf6 5. Nc3 g6 6. f4 Nc6 7. Nf3 Bg4 8. h3 Bxf3 9. Qxf3 Bg7 10. Bd3 Nd7 11. Nd5 Nc5 12. O-O O-O 13. g4 Nxd3 14. cxd3 Nd4 15. Qg2 Rc8 16. Rf2 e6 17. Ne3 Qa5 18. Bd2 Qa6 19. Bc3 Qxd3 20. Re1 Rxc3 21. bxc3 Qxc3 22. Rff1 Rc8 23. g5 Nc2 24. Nxc2 Qxc2 25. Re2 Qc5+ 26. Kh1 Qa3 27. Rf3 Rc1+ 28. Kh2 Qc5 29. Rff2 Bd4 30. Rc2 Bxf2 31. Rxc5 Bxc5 32. Qb2 Rf1 33. Qf6 Bb6 34. Qe7 Rxf4 35. Qxb7 Rf2+ 36. Kg3 Rc2 37. a4 Kg7 38. h4 Rc4 39. a5 Bxa5 40. Qxa7 Be1+ 41. Kf3 Bxh4 42. Qe7 Rc3+ 43. Kg4 Bg3 1/2-1/2

[Event "BGC #54"]
[Site "Toronto CAN"]
[Date "2004.09.26"]
[Round "1"]
[White "Le, Ken"]
[Black "Veltmann, Martin"]
[Result "0-1"]
[WhiteElo "1798"]
[BlackElo "1951"]
[PlyCount "110"]
[GameId "2160767911061122"]
[EventDate "2004.09.26"]
[EventType "tourn"]
[EventRounds "5"]
[EventCountry "CAN"]

1. a3 g6 2. g3 Bg7 3. Bg2 d6 4. d4 Nf6 5. e4 O-O 6. Ne2 e5 7. O-O Nc6 8. Be3 Ng4 9. dxe5 Nxe3 10. fxe3 Nxe5 11. Nbc3 Bg4 12. Qe1 c6 13. h3 Bxe2 14. Qxe2 Qb6 15. Rab1 Rfe8 16. Qf2 Re7 17. Na4 Qa5 18. b3 Rf8 19. Rbd1 b5 20. Nb2 Qxa3 21. Nd3 Nxd3 22. Rxd3 Be5 23. g4 Qc5 24. h4 a5 25. h5 Ree8 26. h6 a4 27. bxa4 bxa4 28. Qh4 f6 29. Qh3 a3 30. g5 a2 31. Rdd1 Qa7 32. Ra1 Bxa1 33. Rxa1 fxg5 34. Qg3 Qf7 35. Qxd6 Rb8 36. Kh2 Rb1 37. Qe5 Qf6 38. Qxf6 Rxf6 39. Rxa2 Rb8 40. e5 Re6 41. Ra5 Rbe8 42. Ra7 R6e7 43. Ra6 Rxe5 44. Rxc6 Rxe3 45. Bd5+ Kh8 46. Rc7 R3e7 47. Rc6 Re3 48. c4 Rd3 49. Rf6 g4 50. Rf7 g3+ 51. Kg2 Rde3 52. Rg7 Rb8 53. Bf7 Rb2+ 54. Kh3 g2+ 55. Kh2 g1=Q+ 0-1

[Event "BGC #54"]
[Site "Toronto CAN"]
[Date "2004.09.26"]
[Round "2"]
[White "Veltmann, Martin"]
[Black "Bowers, David"]
[Result "1-0"]
[WhiteElo "1951"]
[BlackElo "1934"]
[PlyCount "35"]
[GameId "2160767911061123"]
[EventDate "2004.09.26"]
[EventType "tourn"]
[EventRounds "5"]
[EventCountry "CAN"]

1. c4 Nf6 2. Nc3 c5 3. Nf3 d5 4. cxd5 Nxd5 5. g3 Nc6 6. Bg2 Nc7 7. O-O e5 8. d3 Be7 9. Nd2 Be6 10. Bxc6+ bxc6 11. Nc4 f6 12. Qa4 Bd7 13. f4 Ne6 14. fxe5 O-O 15. Ne4 Nd4 16. e3 Ne2+ 17. Kg2 Bg4 18. Ncd6 1-0

[Event "BGC #54"]
[Site "Toronto CAN"]
[Date "2004.10.03"]
[Round "3"]
[White "Cliff, Scott"]
[Black "Veltmann, Martin"]
[Result "0-1"]
[WhiteElo "1829"]
[BlackElo "1951"]
[PlyCount "86"]
[GameId "2160767911061124"]
[EventDate "2004.09.26"]
[EventType "tourn"]
[EventRounds "5"]
[EventCountry "CAN"]

1. d4 Nf6 2. c4 g6 3. Nc3 Bg7 4. e4 O-O 5. Bd3 d6 6. Nge2 e5 7. d5 Nbd7 8. O-O Nc5 9. Bc2 a5 10. a3 Ne8 11. Be3 f5 12. exf5 gxf5 13. f4 b6 14. b4 axb4 15. axb4 Rxa1 16. Qxa1 Na6 17. Qa3 Kh8 18. Ba4 Nf6 19. Kh1 Rg8 20. fxe5 Ng4 21. Bg1 dxe5 22. Bb5 Nb8 23. c5 bxc5 24. bxc5 Qg5 25. d6 cxd6 26. Bc4 Rd8 27. cxd6 Nc6 28. Bb6 Ne3 29. Bxe3 Qxe3 30. Rd1 f4 31. Bd5 Nd4 32. Nxd4 exd4 33. Qa5 Rf8 34. Nb5 f3 35. gxf3 Bh3 36. Qd2 Qe5 37. Qxd4 Qg5 38. Qd2 Qh5 39. Nc7 Rb8 40. Qe2 Be5 41. Nb5 Qg5 42. Rg1 Qf6 43. d7 Bxd7 0-1

[Event "BGC #54"]
[Site "Toronto CAN"]
[Date "2004.10.17"]
[Round "4"]
[White "Veltmann, Martin"]
[Black "Ho, Patricia"]
[Result "1-0"]
[WhiteElo "1951"]
[BlackElo "1623"]
[PlyCount "130"]
[GameId "2160767911061125"]
[EventDate "2004.09.26"]
[EventType "tourn"]
[EventRounds "5"]
[EventCountry "CAN"]

1. c4 e5 2. Nc3 Nf6 3. Nf3 Nc6 4. g3 Bc5 5. Bg2 O-O 6. O-O d6 7. d3 h6 8. a3 a5 9. Nd2 Be6 10. Nde4 Nxe4 11. Nxe4 Bb6 12. Nc3 Qd7 13. Nd5 Bc5 14. Bxh6 Bxd5 15. cxd5 gxh6 16. dxc6 bxc6 17. Qd2 Kg7 18. e3 d5 19. Qc3 Bd6 20. Rac1 Ra6 21. Rc2 Rb8 22. f4 f6 23. Rcf2 Rf8 24. Qc1 Rb6 25. Qd1 Bc5 26. d4 exd4 27. exd4 Bd6 28. Qh5 Rb3 29. Bh3 Qe8 30. Qg4+ Qg6 31. Qd7+ Qf7 32. Qxc6 Rfb8 33. Qc1 Qg6 34. Bg2 Qd3 35. Bxd5 R3b6 36. Rd1 Qb5 37. Bf3 Qb3 38. Kg2 Qf7 39. Rdd2 Rb3 40. Qc6 R8b6 41. Qa8 R3b5 42. Qe4 f5 43. Qe2 Qf6 44. Qf1 Qg6 45. Kh1 Qe6 46. Rfe2 Qa2 47. Qc1 Qf7 48. Qf1 Be7 49. Qf2 Bf6 50. Qe3 Rb3 51. Qf2 R3b5 52. Qg2 Qc4 53. Rc2 Qxd4 54. Rxc7+ Kf8 55. Rd2 Qe3 56. h4 Rxb2 57. Rcc2 Rxc2 58. Rxc2 Qxa3 59. Qe2 Rb2 60. Bh5 Rxc2 61. Qe8+ Kg7 62. Qf7+ Kh8 63. Qxf6+ Kg8 64. Bf7+ Kf8 65. Bg6+ Kg8 1-0

[Event "BGC #54"]
[Site "Toronto CAN"]
[Date "2004.10.24"]
[Round "5"]
[White "Ho, Martin"]
[Black "Veltmann, Martin"]
[Result "0-1"]
[WhiteElo "1826"]
[BlackElo "1951"]
[PlyCount "58"]
[GameId "2160767911061126"]
[EventDate "2004.09.26"]
[EventType "tourn"]
[EventRounds "5"]
[EventCountry "CAN"]

1. e4 g6 2. d4 Bg7 3. Nc3 d6 4. Be3 Nf6 5. f3 c6 6. a4 O-O 7. Bd3 e5 8. Nge2 Nbd7 9. O-O Re8 10. Qd2 exd4 11. Nxd4 Ne5 12. Be2 d5 13. Bg5 Qb6 14. a5 Qc5 15. Na4 Qd6 16. Bxf6 Bxf6 17. f4 Nc4 18. Bxc4 Rxe4 19. Nb5 cxb5 20. Bxb5 Bf5 21. c3 d4 22. Rad1 Rd8 23. c4 d3 24. Nc3 Qc5+ 25. Kh1 Bxc3 26. Qxc3 a6 27. g4 axb5 28. Rxd3 Rxd3 29. Qxd3 Rd4 0-1

[Event "BGC #60"]
[Site "Toronto CAN"]
[Date "2004.11.27"]
[Round "1"]
[White "Joseph, Jerome"]
[Black "Veltmann, Martin"]
[Result "0-1"]
[WhiteElo "1768"]
[BlackElo "1982"]
[PlyCount "64"]
[GameId "2160767911052416"]
[EventDate "2004.11.27"]
[EventType "tourn"]
[EventRounds "6"]
[EventCountry "CAN"]

1. d4 Nf6 2. c4 g6 3. Nf3 Bg7 4. g3 d6 5. Bg2 O-O 6. Nc3 Nc6 7. e3 e5 8. O-O Bg4 9. b3 Bd7 10. dxe5 dxe5 11. b4 e4 12. Nd4 Nxb4 13. Ba3 c5 14. Rb1 cxd4 15. Bxb4 dxc3 16. Bxf8 Qxf8 17. g4 h6 18. Rxb7 Qc8 19. Bxe4 Nxe4 20. Qxd7 Qxd7 21. Rxd7 Nd2 22. Rd1 Rc8 23. Rxa7 Rxc4 24. Ra8+ Kh7 25. Ra7 c2 26. Rc1 Bb2 27. Rxc2 Rxc2 28. a4 Kg7 29. a5 Ne4 30. a6 Nxf2 31. Ra8 Nh3+ 32. Kf1 Bc3 0-1

[Event "BGC #60"]
[Site "Toronto CAN"]
[Date "2004.12.12"]
[Round "2"]
[White "Veltmann, Martin"]
[Black "Pimentel, Sheldon"]
[Result "0-1"]
[WhiteElo "1982"]
[BlackElo "1917"]
[PlyCount "98"]
[GameId "2160767911052417"]
[EventDate "2004.11.27"]
[EventType "tourn"]
[EventRounds "6"]
[EventCountry "CAN"]

1. c4 e5 2. Nc3 Nc6 3. Nf3 Nf6 4. g3 Bc5 5. Bg2 O-O 6. O-O d6 7. d3 a5 8. Bg5 h6 9. Bxf6 Qxf6 10. Ne4 Qe7 11. Nxc5 dxc5 12. Nd2 Nd4 13. e3 Ne6 14. Qa4 Rd8 15. Qa3 Qd6 16. Bd5 Ng5 17. Rfd1 c6 18. Bg2 Qxd3 19. Qxc5 Qe2 20. Qxe5 Rxd2 21. Rxd2 Qxd2 22. Qe8+ Kh7 23. h4 Qxb2 24. Rf1 Ne6 25. Be4+ g6 26. Qxf7+ Qg7 27. Bxg6+ Kh8 28. Rd1 Qxf7 29. Bxf7 Kg7 30. Be8 Kf8 31. Bd7 Ke7 32. Bxc8 Rxc8 33. f4 Rd8 34. Rb1 Nc5 35. Kf2 Rd2+ 36. Kf3 Rxa2 37. g4 Rd2 38. g5 h5 39. f5 a4 40. g6 Kf6 41. Rg1 Rd7 42. e4 Nd3 43. Ke3 Ne5 44. c5 Nc4+ 45. Kf4 Ne5 46. Ra1 Nd3+ 47. Ke3 Nxc5 48. Kf4 Nd3+ 49. Ke3 b5 0-1